000 00382nam a2200133 a 4500
001 000024587
005 20200930023244.0
008 110201s1997 000 0 spa d
040 _aDO-SdBNP
_bspa
_cBNPHU
100 1 _aAzar, Fray Diego de
_950426
245 1 0 _aDe las librerias /
_cFray Diego de Azar.
260 _a[s. l] :
_bBiblioteca Nacional,
_c1997.
300 _a146 p. ;
_c18 cm.
999 _c24080
_d24080